000170335 001__ 170335 000170335 005__ 20260410165451.0 000170335 0248_ $$2sideral$$a134846 000170335 037__ $$aART-2023-134846 000170335 041__ $$aspa 000170335 100__ $$0(orcid)0000-0002-1275-9976$$aBeltrán-Pellicer, Pablo$$uUniversidad de Zaragoza 000170335 245__ $$aMedir es una actividad matemática. Hay que tomar medidas. 000170335 260__ $$c2023 000170335 5203_ $$aEl sentido de la medida se centra en la comprensión y comparación de atributos de objetos presentes en nuestro entorno natural. No obstante, la medida también actúa como base para abstracciones matemáticas fundamentales, como el número racional, al que accedemos a través de sus diversas representaciones: las fracciones y los decimales. En este artículo, exploraremos el interés que tiene la medida en matemáticas y el papel que juega en su aprendizaje. 000170335 540__ $$9info:eu-repo/semantics/closedAccess$$aAll rights reserved$$uhttp://www.europeana.eu/rights/rr-f/ 000170335 655_4 $$ainfo:eu-repo/semantics/article$$vinfo:eu-repo/semantics/acceptedVersion 000170335 700__ $$0(orcid)0000-0003-1369-8711$$aBegué Pedrosa, Nuria$$uUniversidad de Zaragoza 000170335 700__ $$0(orcid)0000-0002-2607-6789$$aMartínez-Juste, Sergio$$uUniversidad de Zaragoza 000170335 700__ $$0(orcid)0000-0002-8191-3199$$aOller-Marcén, Antonio Miguel$$uUniversidad de Zaragoza 000170335 700__ $$0(orcid)0000-0002-5709-8278$$aMengual Bretón, Elena$$uUniversidad de Zaragoza 000170335 700__ $$0(orcid)0000-0003-0069-5730$$aEscolano Vizcarra, Rafael$$uUniversidad de Zaragoza 000170335 7102_ $$12006$$2200$$aUniversidad de Zaragoza$$bDpto. Matemáticas$$cÁrea Didáctica Matemática 000170335 773__ $$g100 (2023), 30-36$$pUno (Barc.)$$tUno (Barcelona)$$x1133-9853 000170335 8564_ $$s276409$$uhttps://zaguan.unizar.es/record/170335/files/texto_completo.pdf$$yPostprint 000170335 8564_ $$s1534148$$uhttps://zaguan.unizar.es/record/170335/files/texto_completo.jpg?subformat=icon$$xicon$$yPostprint 000170335 909CO $$ooai:zaguan.unizar.es:170335$$particulos$$pdriver 000170335 951__ $$a2026-04-10-13:46:48 000170335 980__ $$aARTICLE